[Event "Niedersachsen-ch op"]
[Site "Verden"]
[Date "2011.01.03"]
[Round "3"]
[White "Mildner, Ramon"]
[Black "Ufkes, Thilo"]
[Result "1-0"]
[WhiteElo "1348"]
[BlackElo "843"]
[PlyCount "133"]
[EventDate "2011.01.02"]
[EventType "swiss"]
[EventRounds "7"]
[EventCountry "GER"]
[SourceTitle "EXT 2018"]
[Source "ChessBase"]
[SourceDate "2017.10.13"]
[SourceVersion "1"]
[SourceVersionDate "2017.10.13"]
[SourceQuality "1"]

1. e4 e5 2. Nf3 Nf6 3. Nxe5 d6 4. Nf3 Nxe4 5. Bc4 c6 6. d3 Nf6 7. Nc3 d5 8. Bb3 Bd6 9. Bg5 0-0 10. 0-0 Bf5 11. Re1 Nbd7 12. d4 h6 13. Bh4 Qb6 14. Ne2 Rfe8 15. Ng3 Bg6 16. c3 c5 17. Nf1 c4 18. Ba4 Red8 19. Ne5 Qxb2 20. Nxd7 Nxd7 21. Bxd8 Rxd8 22. Bxd7 Rxd7 23. Qe2 Qxe2 24. Rxe2 Rd8 25. Rae1 Rd7 26. Re8+ Bf8 27. Ra8 a6 28. Ree8 Bd3 29. Rxf8+ Kh7 30. Rad8 Re7 31. Rfe8 Rc7 32. Rxd5 b5 33. Rc5 Rb7 34. Re1 b4 35. cxb4 Rxb4 36. Ne3 Bb1 37. Rxc4 Rxc4 38. Nxc4 Bxa2 39. Nb6 Kg6 40. d5 a5 41. d6 Be6 42. d7 Bxd7 43. Nxd7 a4 44. Nc5 a3 45. Ra1 Kf5 46. Rxa3 Ke5 47. Rd3 g5 48. Rf3 f5 49. Rh3 Kd5 50. Rxh6 Kxc5 51. Re6 Kd5 52. Re1 Kd4 53. Kf1 f4 54. Re8 Kd5 55. Ke2 g4 56. Kd3 Kd6 57. Kd4 Kd7 58. Re5 Kd6 59. g3 fxg3 60. hxg3 Kc6 61. Rh5 Kb6 62. Kc4 Ka6 63. Rb5 Ka7 64. Kc5 Ka8 65. Kb6 Kb8 66. Rc5 Ka8 67. Rc8# 1-0